000
00220nam a22000857a 4500
008
260429b ||||| |||| 00| 0 eng d
100
_a
Norsk Filatelistforbund
245
_a
Handbook of Norway's Stamps
650
_a
Norway Stamps
999
_c
3714
_d
3714